Journaux de fiction - Statistiques

Statistiques générales
  • Ce quiz a été pris 9 fois
  • Le résultat moyen est 2 sur 11
Statistiques - réponses
Indications Univers Réponse % Correct
Journal magique dont les imagesbougent, très populaire dans le monde des sorciers Harry Potter La Gazette du Sorcier
88%
Journal pour lequel Peter Parker travailleen tant que photographe indépendant Spider-Man Daily Bugle
75%
Clark Kent et Lois Lane y sont journalistes Superman Daily Planet
13%
Journal dispensant des informations, dontle numéro le plus célèbre est le numéro 62 Red Dead Redemption Blackwater Ledger
0%
Alexia y est journaliste, et le bâtimentde ce journal se trouve dans une rue d'Illumis Pokémon Editions d'Illumis
0%
Journal fondé par Bourgette, sonbâtiment est celui d'un ancien Relais The Legend of Zelda: Tears of the Kingdom Gazette des Bois
0%
Il donne des nouvelles fraîches de HillValley à Marty McFly Retour vers le futur Hill Valley Telegraph
0%
Tenu entre autres par Konohamaru,ce journal a interviewé les ninjas de la génération de Naruto Naruto Journal de l'école de Konoha
0%
Journal officiel de Liberty City, il a pourslogans "Nouvelles d'hier aujourd'hui" et "Des nouvelles qui sentent bon" Grand Theft Auto Liberty Tree
0%
Mgazine-journal tenu par Johnny, ilrecense entre autres les Mages les plus sexy des Guildes Lucy en lit un au début de l'histoire Fairy Tail Sorcerer Magazine
0%
Tenu par Morgans, ce journal communiquenotamment les primes des pirates au monde entier One Piece World Economic Journal
0%
Aucun quiz correspondant
Distribution des résultats
% des personnes avec chaque résultat
Percentile par nombre de réponses
Votre historique - résultats
Vous n’avez pas pris ce quiz